Sistemas de información gerencial (Registro nro. 1001)

Detalles MARC
000 -LEADER
fixed length control field 01921 a2200313 4500
001 - CONTROL NUMBER
control field 22384
005 - DATE AND TIME OF LATEST TRANSACTION
control field 20260407155515.0
008 - FIXED-LENGTH DATA ELEMENTS--GENERAL INFORMATION
fixed length control field 260407a2008 arg spa d
003 - CONTROL NUMBER IDENTIFIER
control field AR-UNSa-BCEJYS
040 ## - CATALOGING SOURCE
Original cataloging agency AR-UNSa-BCEJYS
Language of cataloging spa
Transcribing agency AR-UNSa-BCEJYS
080 ## - UNIVERSAL DECIMAL CLASSIFICATION NUMBER
Universal Decimal Classification number 658.011.56
Common auxiliary subdivision Automatización
020 ## - INTERNATIONAL STANDARD BOOK NUMBER
International Standard Book Number 978-970-26-1191-2
041 ## - LANGUAGE CODE
Language code of text/sound track or separate title spa
100 1# - MAIN ENTRY--PERSONAL NAME
Personal name Laudon, Kenneth C.
245 10 - TITLE STATEMENT
Title Sistemas de información gerencial
Name of part/section of a work administración de la empresa digital
250 ## - EDITION STATEMENT
Edition statement 10a.ed
264 #1 - PRODUCTION, PUBLICATION, DISTRIBUTION, MANUFACTURE, AND COPYRIGHT NOTICE
Place of production, publication, distribution, manufacture México :
Name of producer, publisher, distributor, manufacturer Pearson Educación
Date of production, publication, distribution, manufacture, or copyright notice 2008
300 ## - PHYSICAL DESCRIPTION
Extent xxxii, 644 p.
Dimensions 27 cm.
505 ## - FORMATTED CONTENTS NOTE
Formatted contents note 1. Sistemas de información en los negocios globales actuales - 2. Negocios en línea globales: cómo utilizan las empresas los sistemas de información - 3. Sistemas de información, organizaciones y estrategia - 4. Aspectos éticos y sociales de los sistemas de información - 5. Infraestructura de TI y tecnologías emergentes - 6. Fundamentos de la inteligencia de negocios: administración de bases de datos e información - 7. Telecomunicaciones, internet y la tecnología inalámbrica - 8. Protección de los sistemas de información - 9. Logro de la excelencia operativa y de relaciones con el cliente: aplicaciones empresariales - 10. Comercio electrónico: mercados digitales, bienes digitales - 11. Administración del conocimiento - 12. Mejora en la toma de decisiones - 13. Construcción de sistemas - 14. Administración de proyectos: establecimiento del valor de negocios de los sistemas y la administración del cambio - 15. Administración de sistemas globales
590 ## - LOCAL NOTE (RLIN)
Local note niveau_biblio:m niveau_hierar:0
700 1# - ADDED ENTRY--PERSONAL NAME
Personal name Laudon, Jane P.
700 1# - ADDED ENTRY--PERSONAL NAME
Personal name Nuñez Ramos, Antonio
700 1# - ADDED ENTRY--PERSONAL NAME
Personal name Solares Soto, Pedro Fernando
700 1# - ADDED ENTRY--PERSONAL NAME
Personal name Marroquín Tovar, Edmundo
700 1# - ADDED ENTRY--PERSONAL NAME
Personal name López Reyes, Ángel Alejandro
700 1# - ADDED ENTRY--PERSONAL NAME
Personal name Gutiérrez Díez, Carmen
700 1# - ADDED ENTRY--PERSONAL NAME
Personal name Waldbott De Bassenheim, Carlos
942 ## - ADDED ENTRY ELEMENTS (KOHA)
Koha item type
Existencias
Withdrawn status Lost status Damaged status Not for loan Home library Current library Shelving location Date acquired Total checkouts Full call number Barcode Date last seen Price effective from Koha item type
        Biblioteca Prof. Eusebio Cleto del Rey Biblioteca Prof. Eusebio Cleto del Rey   07/04/2026   658.011.56 L372 10ed. L117716 07/04/2026 07/04/2026 Libro
        Biblioteca Prof. Eusebio Cleto del Rey Biblioteca Prof. Eusebio Cleto del Rey   07/04/2026   658.011.56 L372 10ed. L117718 07/04/2026 07/04/2026 Libro
        Biblioteca Prof. Eusebio Cleto del Rey Biblioteca Prof. Eusebio Cleto del Rey   07/04/2026   658.011.56 L372 10ed. L117721 07/04/2026 07/04/2026 Libro
        Biblioteca Prof. Eusebio Cleto del Rey Biblioteca Prof. Eusebio Cleto del Rey   07/04/2026   658.011.56 L372 10ed. L117717 07/04/2026 07/04/2026 Libro
        Biblioteca Prof. Eusebio Cleto del Rey Biblioteca Prof. Eusebio Cleto del Rey   07/04/2026   658.011.56 L372 10ed. L117722 07/04/2026 07/04/2026 Libro
        Biblioteca Prof. Eusebio Cleto del Rey Biblioteca Prof. Eusebio Cleto del Rey   07/04/2026   658.011.56 L372 10ed. L117725 07/04/2026 07/04/2026 Libro
        Biblioteca Prof. Eusebio Cleto del Rey Biblioteca Prof. Eusebio Cleto del Rey   07/04/2026   658.011.56 L372 10ed. L117719 07/04/2026 07/04/2026 Libro
        Biblioteca Prof. Eusebio Cleto del Rey Biblioteca Prof. Eusebio Cleto del Rey   07/04/2026   658.011.56 L372 10ed. L117724 07/04/2026 07/04/2026 Libro
        Biblioteca Prof. Eusebio Cleto del Rey Biblioteca Prof. Eusebio Cleto del Rey   07/04/2026   658.011.56 L372 10ed. L117723 07/04/2026 07/04/2026 Libro